Most Expensive Football Transfers Summer 2024 - Statistics

General Stats
  • This quiz has been taken 57 times
  • The average score is 15 of 25
Answer Stats
From To Fee Player % Correct
Manchester City Atlético Madrid €75.00m Julián Álvarez
94%
Bournemouth Tottenham Hotspur €64.30m Dominic Solanke
86%
Lille Manchester United €62.00m Leny Yoro
76%
RB Leipzig Barcelona €55.00m Dani Olmo
74%
Wolverhampton Wanderers Chelsea €60.00m Pedro Neto
72%
Palmeiras Real Madrid €47.50m Endrick
70%
Atlético Madrid Chelsea €52.00m João Félix
70%
Bayern Munich Manchester United €45.00m Matthijs de Ligt
68%
Crystal Palace Bayern Munich €53.00m Michael Olise
68%
Brentford Al-Ahli €42.00m Ivan Toney
66%
Chelsea Atlético Madrid €42.00m Conor Gallagher
60%
Aston Villa Juventus €51.50m Douglas Luiz
60%
Fulham Bayern Munich €51.00m João Palhinha
60%
Aston Villa Al-Ittihad €60.00m Moussa Diaby
60%
Bologna Arsenal €45.00m Riccardo Calafiori
60%
Benfica Paris Saint-Germain €59.92m João Neves
58%
Bologna Manchester United €42.50m Joshua Zirkzee
56%
Everton Aston Villa €59.35m Amadou Onana
52%
Paris Saint-Germain Manchester United €50.00m Manuel Ugarte
48%
Atalanta Juventus €54.70m Teun Koopmeiners
44%
Leeds United Tottenham Hotspur €41.25m Archie Gray
34%
Rennes Paris Saint-Germain €50.00m Désiré Doué
34%
Chelsea Aston Villa €44.50m Ian Maatsen
34%
Wolverhampton Wanderers West Ham United €47.50m Max Kilman
34%
Leeds United Brighton & Hove Albion €46.70m Georginio Rutter
24%
No matching quizzes found
Score Distribution
Percent of People with Each Score
Percentile by Number Answered
Your Score History
You have not taken this quiz